00574nam a22001937a 450000500170000001000170001702000250003403500170005903700080007608200080008410000200009224501070011225000130021926000380023227000400027030000270031050000200033770000230035720101218141816.0 aB-419545-563 a978813173676c625.00 aB-419545-563 bUBH a300 aHunt, Elgin F.  aSocial science:cby Elgin F. Hunt [and] David C. Colander ban introductions to the study of society / a13th ed. aDelhi bPearson Educations c2010 a482 FIF, PatparganjbDelhi e110092 axx, 523p. c26cm(pbk)  aIncludes index  aColander, David C.